| 000 | 00404 a2200145 4500 | ||
|---|---|---|---|
| 001 | 167760 | ||
| 020 | _a | ||
| 040 | _cMagnum | ||
| 100 | _aSilva, Teresinha Maria Nelli | ||
| 240 | 1 | 0 |
_aA construcao do curriculo na sala de aula:o professor como pesquisador _lpor |
| 245 | 1 | 0 | _aA construcao do curriculo na sala de aula:o professor como pesquisador |
| 362 | 0 | _a1899 | |
| 697 | _aENSINO | ||
| 942 | _cBK | ||
| 999 |
_c167760 _d167760 |
||